| Tag |
First Indicator |
Second Indicator |
Subfields |
| LEADER |
00000cam a2200000 4500 |
| 001 |
in00000053682 |
| 005 |
20151008050329.0 |
| 008 |
720216s1950 nyu b 00000 eng u |
| 010 |
|
|
|a 50000120
|
| 035 |
|
|
|a (OCoLC)00243387
|
| 035 |
|
|
|9 AAG0486AM
|
| 040 |
|
|
|c YNG
|d TXA
|d UtOrBLW
|
| 049 |
|
|
|a TXAM
|c [185070]
|
| 050 |
|
0 |
|a JV6507
|b .B4
|
| 092 |
|
|
|a 325.73
|b B522a
|
| 100 |
1 |
|
|a Bernard, William Spencer,
|d 1907-
|
| 245 |
1 |
0 |
|a American immigration policy, a reappraisal /
|c Edited by William S. Bernard; Carolyn Zeleny [and] Henry Miller, assistant editors.
|
| 250 |
|
|
|a [1st ed.].
|
| 264 |
|
1 |
|a New York :
|b Harper,
|c [1950]
|
| 264 |
|
4 |
|c [©1950]
|
| 300 |
|
|
|a xx, 341 pages :
|b diagrams
|
| 336 |
|
|
|a text
|b txt
|2 rdacontent
|
| 337 |
|
|
|a unmediated
|b n
|2 rdamedia
|
| 338 |
|
|
|a volume
|b nc
|2 rdacarrier
|
| 500 |
|
|
|a "Published under the sponsorship of the National Committee on Immigration Policy."
|
| 504 |
|
|
|a Bibliography: pages 315-330.
|
| 651 |
|
0 |
|a United States
|x Emigration and immigration.
|
| 710 |
2 |
|
|a National Committee on Immigration Policy (U.S.)
|
| 999 |
|
|
|a MARS
|
| 999 |
f |
f |
|s 1f445d7f-40eb-39e4-be47-a0d01a407493
|i 68a9255c-4979-35f2-9ba2-f87a154bff89
|t 0
|
| 952 |
f |
f |
|p ric
|a Texas A&M University
|b Rellis Campus
|c Joint Library Facility
|d Remote Storage
|t 0
|e JV6507 .B4
|h Library of Congress classification
|i unmediated -- volume
|m A14800671921
|
| 998 |
f |
f |
|a JV6507 .B4
|t 0
|l Remote Storage
|